000 00178 a2200097 4500
020 _a0201165848
041 _aspa
100 _aAlma Flor Ada
245 _aNavegamos
942 _cBK
999 _c12867
_d12867